000 00654nam a2200205 i 4500
001 83789
003 ES-MaACL
005 20240208163314.0
007 t|
008 041118m19431944sp ||||1| spa d
100 1 _aIñiguez Almech, José María.
_965372
245 1 0 _aCurso de matemáticas /
_cpor José María Iñiguez Almech.
250 _a3ª ed.
260 _aZaragoza :
_b[s.n.,
_c1943-1944] (
_fEl Noticiero)
300 _a3 v. :
_bil. ;
_c25 cm.
500 _aPrecede al tít.: Publicaciones de la Universidad de Zaragoza.
710 2 _aUniversidad de Zaragoza
_97352
852 _aES-MaACL
_jF-16229-31
_bR.21188
999 _c83789
_d83789